[Event "Autumn 2009"]
[Site "SchemingMind.com"]
[Date "2009.10.29"]
[Round "-"]
[White "cnile"]
[Black "Shanks"]
[Result "1-0"]
[WhiteCountry "SCO"]
[BlackCountry "ENG"]
[WhiteElo "1392"]
[WhiteRD "80"]
[BlackElo "1434"]
[BlackRD "69"]
[GameID "224122"]

1. d4 d5 2. c4 e6 3. Nc3 c6 4. Nf3 Nf6 5. Bg5 Nbd7 6. e3 Be7 7. cxd5 cxd5 8. Bd3 h6 9. Bf4 a6 10. O-O O-O
11. Qc2 Ne4 12. Bxe4 dxe4 13. Nxe4 f5 14. Nc5 Nf6 15. Nd3 b6 16. Rfc1 Nd5 17. Be5 Bd7 18. a3 Rc8 19. Qd2 Rxc1+ 20. Rxc1 a5
21. Nh4 Bxh4 22. Nf4 Nxf4 23. Bxf4 Be7 24. Rc7 Be8 25. b4 a4 26. Qc3 b5 27. d5 exd5 28. Qd4 Bg6 29. h4 Bxh4 30. Qxg7#
1-0

[Event "Autumn 2009"]
[Site "SchemingMind.com"]
[Date "2009.10.29"]
[Round "-"]
[White "Shanks"]
[Black "cnile"]
[Result "0-1"]
[WhiteCountry "ENG"]
[BlackCountry "SCO"]
[WhiteElo "1426"]
[WhiteRD "72"]
[BlackElo "1395"]
[BlackRD "83"]
[GameID "224123"]

1. d4 Nf6 2. Nf3 d5 3. g3 e6 4. Bg2 c6 5. O-O Nbd7 6. c3 Bd6 7. Nbd2 O-O 8. c4 c5 9. cxd5 Nxd5 10. dxc5 Bxc5
11. Ne4 N7f6 12. Nxc5 Bd7 13. Nxd7 Qxd7 14. Ne5 Qb5 15. Nd3 Rfd8 16. e4 Ne7 17. e5 Ne8 18. a4 Qxd3 19. Bd2 Qxd2 20. Qxd2 Rxd2
21. b4 Rb8 22. b5 Nd5 23. f4 Rc8 24. Bxd5 Rxd5 25. Rfb1 b6 26. a5 bxa5 27. Rxa5 Rc2 28. Rxa7 Rdd2 29. Kf1 Rxh2 30. b6 Rcf2+
31. Ke1 Rc2 32. b7 Rh1#
0-1

[Event "Autumn 2009"]
[Site "SchemingMind.com"]
[Date "2009.10.30"]
[Round "-"]
[White "APB"]
[Black "cnile"]
[Result "1-0"]
[WhiteCountry "ENG"]
[BlackCountry "SCO"]
[WhiteElo "1535"]
[WhiteRD "61"]
[BlackElo "1364"]
[BlackRD "76"]
[GameID "224218"]

1. e4 c6 2. d4 d5 3. exd5 cxd5 4. c4 e6 5. Nc3 Bb4 6. Qb3 Nc6 7. Nf3 Nf6 8. Bd3 dxc4 9. Bxc4 O-O 10. a3 Be7
11. d5 exd5 12. Nxd5 Bg4 13. O-O Rc8 14. Qxb7 Na5 15. Nxe7+ Kh8 16. Qxa7 Ra8 17. Qc5 Nxc4 18. Nc6 Qd5 19. Qxd5 Nxd5 20. b3 Rxa3
21. Bxa3 Nxa3 22. Rxa3 Rc8 23. Re1 g6 24. Nfe5 Bf5 25. Nxf7+ Kg7 26. Ra5 Rxc6 27. Ne5 Be4 28. Nxc6 Nc3 29. Re3 Bxc6 30. Rxc3
1-0

[Event "Autumn 2009"]
[Site "SchemingMind.com"]
[Date "2009.10.30"]
[Round "-"]
[White "APB"]
[Black "Shanks"]
[Result "0-1"]
[WhiteCountry "ENG"]
[BlackCountry "ENG"]
[WhiteElo "1646"]
[WhiteRD "59"]
[BlackElo "1426"]
[BlackRD "72"]
[GameID "224219"]

1. e4 d6 2. d4 g6 3. Nf3 Bg7 4. Nc3 a6 5. Be2 e6 6. Bc4 Nd7 7. O-O Ne7 8. d5 e5 9. Be3 O-O 10. Nh4 b5
11. Bd3 b4 12. Ne2 a5 13. f4 exf4 14. Bxf4 Nc5 15. Rb1 Nxd3 16. Qxd3 Ba6 17. Qe3 Bb7 18. c3 bxc3 19. bxc3 Rb8 20. Nd4 Bxd4
21. Qxd4 c5 22. dxc6 Nxc6 23. Qd2 Qd7 24. Qxd6 Rfd8 25. Qxd7 Rxd7 26. Bxb8 Nxb8 27. a4 Nc6 28. Nf3 Nd8 29. Ne5 Rc7 30. Rfd1 Ne6
31. Rd7 Bxe4 32. Rxc7 Nxc7 33. Rb7 Bxb7 34. Nc4 Bc6 35. Nxa5 Bxa4 36. c4 Ne6 37. Nb7 h5 38. Kf2 Ng5 39. Ke3 Bc6 40. Na5 Bxg2
0-1

[Event "Autumn 2009"]
[Site "SchemingMind.com"]
[Date "2009.10.30"]
[Round "-"]
[White "cnile"]
[Black "APB"]
[Result "0-1"]
[WhiteCountry "SCO"]
[BlackCountry "ENG"]
[WhiteElo "1344"]
[WhiteRD "80"]
[BlackElo "1587"]
[BlackRD "57"]
[GameID "224220"]

1. d4 d5 2. c4 Nf6 3. Nc3 g6 4. e3 Bg7 5. cxd5 Nxd5 6. Bd3 O-O 7. Nge2 c6 8. Bd2 e6 9. Ng3 Nxc3 10. Bxc3 f6
11. O-O f5 12. Qb3 b5 13. Rac1 Qd5 14. Bb4 Re8 15. Ne2 Qxb3 16. axb3 Na6 17. Bd6 Bd7 18. Ra1 Nb8 19. Nc3 e5 20. dxe5 Bxe5
21. Bxe5 Rxe5 22. Rfd1 Be6 23. Be2 Nd7 24. Bf3 Rc8 25. Rxa7 b4 26. Na4 Nf6 27. Rdd7 Nxd7 28. Rb7 c5 29. Nb6 Nxb6 30. Rxb6 Rd8
31. Rc6 Bxb3 32. g4 Bd1 33. Bxd1 Rxd1+ 34. Kg2 fxg4
0-1

[Event "Autumn 2009"]
[Site "SchemingMind.com"]
[Date "2009.10.30"]
[Round "-"]
[White "Shanks"]
[Black "APB"]
[Result "0-1"]
[WhiteCountry "ENG"]
[BlackCountry "ENG"]
[WhiteElo "1434"]
[WhiteRD "69"]
[BlackElo "1601"]
[BlackRD "58"]
[GameID "224221"]

1. Nf3 d5 2. d4 c5 3. c3 Nc6 4. e3 Nf6 5. Be2 h6 6. O-O Qd6 7. Nbd2 g5 8. g3 Bh3 9. Re1 Ne4 10. Nxe4 dxe4
11. Nd2 Qe6 12. dxc5 O-O-O 13. b4 Ne5 14. Bb2 Ng4 15. Bxg4 Bxg4 16. Qc2 Rxd2 17. Qxd2 Bf3 18. c4 Qh3
0-1

[Event "Autumn 2009"]
[Site "SchemingMind.com"]
[Date "2009.10.28"]
[Round "-"]
[White "maro"]
[Black "APB"]
[Result "0-1"]
[WhiteCountry "MEX"]
[BlackCountry "ENG"]
[WhiteElo "1327"]
[WhiteRD "48"]
[BlackElo "1563"]
[BlackRD "69"]
[GameID "224348"]

1. c4 Nf6 2. d4 e6 3. g3 d5 4. c5 b6 5. Qa4+ c6 6. cxb6 Qxb6 7. Nc3 Bb4 8. Bd2 Qxd4 9. Nf3 Qb6 10. Be3 Qa5
11. Qxa5 Bxa5 12. Bc5 Ne4 13. Rc1 Nxc5 14. e3 Ba6 15. Bxa6 Nbxa6 16. O-O Nd3 17. Rb1 Rb8 18. b4 Bxb4 19. Ne2 O-O 20. Nfd4 Ne5
21. Rfc1 Rbc8 22. Rb3 c5 23. Nb5 Ra8 24. a3 c4 25. Rb2 Nd3 26. axb4 Nxb2 27. Ra1 Nxb4
0-1

[Event "Autumn 2009"]
[Site "SchemingMind.com"]
[Date "2009.10.30"]
[Round "-"]
[White "maro"]
[Black "cnile"]
[Result "1-0"]
[WhiteCountry "MEX"]
[BlackCountry "SCO"]
[WhiteElo "1327"]
[WhiteRD "48"]
[BlackElo "1387"]
[BlackRD "73"]
[GameID "224349"]

1. c4 Nf6 2. d4 e6 3. Nc3 Bb4 4. Bd2 O-O 5. Nb5 Bxd2+ 6. Qxd2 d6 7. e3 Bd7 8. c5 dxc5 9. dxc5 Nc6 10. Nf3 a6
11. Nbd4 Nxd4 12. Nxd4 Bc6 13. O-O-O Qd5 14. Qc2 Ne4 15. Bc4 Qd7 16. Nxc6 Qxc6 17. f3 Nxc5 18. Rd2 Rfd8 19. Rxd8+ Rxd8 20. b3 g6
21. e4 b5 22. b4 Nb7 23. Bb3 Nd6 24. Qxc6
1-0

[Event "Autumn 2009"]
[Site "SchemingMind.com"]
[Date "2009.10.31"]
[Round "-"]
[White "maro"]
[Black "Shanks"]
[Result "1-0"]
[WhiteCountry "MEX"]
[BlackCountry "ENG"]
[WhiteElo "1289"]
[WhiteRD "56"]
[BlackElo "1286"]
[BlackRD "75"]
[GameID "224350"]

1. Nf3 d6 2. e4 g6 3. d4 Bg7 4. Be2 a6 5. d5 Nd7 6. Bd2 Ne5 7. O-O Nxf3+ 8. Bxf3 h5 9. h4 Nf6 10. Re1 O-O
11. e5 dxe5 12. Rxe5 Ne8 13. Re1 Nd6 14. Bc3 Bh6 15. Nd2 Rb8 16. Ne4 Nxe4 17. Bxe4 b5 18. b4 e6 19. dxe6 Bxe6 20. Qxd8 Rbxd8
21. g3 Kh7 22. a4 bxa4 23. Rxa4 Bc4 24. Bf3 Bb5 25. Ra5 c6 26. Raa1 Bd2 27. Bxd2 Rxd2 28. c3 Rd3 29. c4 Bxc4 30. Bxc6 Rdd8
31. Rec1 Bb5 32. Bb7 Kg7 33. Bxa6 Bxa6 34. Rxa6 Rb8 35. Rc4 Rfe8 36. Kf1 Red8 37. Kg2 Re8 38. Ra5 Rf8 39. b5 f5 40. Rc6 f4
41. b6 fxg3 42. fxg3 Rbd8 43. b7 Rd2+ 44. Kh3 Rdd8 45. Rc7+ Rf7 46. Rxf7+ Kxf7= 47. Ra8 Rf8 48. Rxf8+ Kxf8 49. b8=Q+ Kg7 50. Qe5+ Kg8
51. g4 hxg4+ 52. Kxg4 Kh7 53. Qe4 Kg7 54. h5 gxh5+ 55. Kxh5 Kf6 56. Qd4+ Kf5 57. Qd5+ Kf6 58. Kh6 Ke7 59. Kg6 Kf8 60. Qf7#
1-0

[Event "Autumn 2009"]
[Site "SchemingMind.com"]
[Date "2009.10.28"]
[Round "-"]
[White "APB"]
[Black "maro"]
[Result "1-0"]
[WhiteCountry "ENG"]
[BlackCountry "MEX"]
[WhiteElo "1563"]
[WhiteRD "69"]
[BlackElo "1327"]
[BlackRD "48"]
[GameID "224351"]

1. e4 Nc6 2. d4 d5 3. e5 e6 4. Nf3 h6 5. a3 Bd7 6. Bd3 Nge7 7. Nc3 Nf5 8. Bb5 a6 9. Bxc6 Bxc6 10. O-O Be7
11. Re1 O-O 12. b4 b5 13. Ne2 a5 14. bxa5 Rxa5 15. Bd2 b4 16. axb4 Ra4 17. c3 Qa8 18. Rxa4 Bxa4 19. Qa1 Qc6 20. Qb2 Ra8
21. Ra1 Bb5 22. Rxa8+ Qxa8 23. g3 Bxe2 24. Ne1 Bc4 25. Bc1 f6 26. Nf3 g5 27. g4 Nh4 28. Nxh4 gxh4 29. Bxh6 Bd3 30. Kg2 fxe5
31. dxe5 d4+ 32. f3 dxc3 33. Qf2 c2 34. Qe3 Qa1 35. Qxd3 c1=Q 36. Qg6+ Kh8 37. Qg7#
1-0

[Event "Autumn 2009"]
[Site "SchemingMind.com"]
[Date "2009.10.31"]
[Round "-"]
[White "cnile"]
[Black "maro"]
[Result "0-1"]
[WhiteCountry "SCO"]
[BlackCountry "MEX"]
[WhiteElo "1387"]
[WhiteRD "73"]
[BlackElo "1327"]
[BlackRD "48"]
[GameID "224352"]

1. Nf3 d6 2. d4 Nf6 3. c4 e5 4. Bg5 Be7 5. Nc3 h6 6. Bxf6 Bxf6 7. dxe5 dxe5 8. e4 O-O 9. Be2 Nc6 10. O-O Nd4
11. Rc1 c5 12. Nd5 b6 13. Nxe5 Bxe5 14. f4 Nxe2+ 15. Qxe2 Bd4+ 16. Kh1 Be6 17. f5 Bxd5 18. Rce1 Bc6 19. b3 Re8 20. e5 Rxe5
21. Qh5 Be3 22. f6 Rxh5
0-1

[Event "Autumn 2009"]
[Site "SchemingMind.com"]
[Date "2009.10.31"]
[Round "-"]
[White "Shanks"]
[Black "maro"]
[Result "1-0"]
[WhiteCountry "ENG"]
[BlackCountry "MEX"]
[WhiteElo "1511"]
[WhiteRD "74"]
[BlackElo "1277"]
[BlackRD "51"]
[GameID "224353"]

1. Nf3 e6 2. d4 d5 3. g3 Nc6 4. Bg2 Bd6 5. O-O Nf6 6. a3 O-O 7. e3 e5 8. dxe5 Nxe5 9. Nxe5 Bxe5 10. Nd2 c6
11. c3 Bf5 12. Nf3 Re8 13. Nxe5 Rxe5 14. b4 Ne4 15. Bb2 c5 16. bxc5 Nxc5 17. c4 dxc4 18. Qxd8+ Rxd8 19. Bxe5 Nd3 20. Bd4 b5
21. Bxa7 c3 22. e4 Be6 23. Be3 f5 24. exf5 Bxf5 25. a4 b4 26. a5 b3 27. Ra3 Be6 28. a6 c2 29. a7 b2 30. a8=Q Rxa8
31. Rxa8+ Kf7 32. Ra7+
1-0

[Event "Autumn 2009"]
[Site "SchemingMind.com"]
[Date "2009.11.02"]
[Round "-"]
[White "Brerrabbit"]
[Black "APB"]
[Result "0-1"]
[WhiteCountry "SCO"]
[BlackCountry "ENG"]
[WhiteElo "1397"]
[WhiteRD "77"]
[BlackElo "1535"]
[BlackRD "61"]
[GameID "225170"]

1. e4 e5 2. Nf3 Nc6 3. Nc3 Nf6 4. Bb5 Bb4 5. d4 Nxe4 6. Qd3 f5 7. O-O Qf6 8. Nd5 Qd6 9. Nxb4 Qxb4 10. dxe5 d6
11. exd6 Nxd6 12. Re1+ Kf7 13. Ng5+ Kg6 14. Bd2 Qxb2 15. Rab1 Qf6 16. h4 h5 17. Bf4 Nxb5 18. Qxb5 Nd4 19. Qc4 c6 20. Rbd1 Nb5
21. a4 Rd8 22. Qf7+ Qxf7 23. Nxf7 Rxd1 24. Ne5+ Kh7 25. Rxd1 Nc3 26. Re1 Nxa4 27. f3 Be6 28. Kh2 Rd8 29. Nf7 Bxf7 30. Bg5 Rd7
31. Kh3 Bc4 32. Ra1 b5
0-1

[Event "Autumn 2009"]
[Site "SchemingMind.com"]
[Date "2009.11.02"]
[Round "-"]
[White "Brerrabbit"]
[Black "cnile"]
[Result "0-1"]
[WhiteCountry "SCO"]
[BlackCountry "SCO"]
[WhiteElo "1376"]
[WhiteRD "79"]
[BlackElo "1387"]
[BlackRD "73"]
[GameID "225171"]

1. e4 e6 2. Nf3 d5 3. c3 c5 4. d4 cxd4 5. Qxd4 Nc6 6. Bb5 Bd7 7. Bg5 f6 8. Bh4 a6 9. Ba4 Nxd4 10. Bxd7+ Qxd7
11. cxd4 Qb5 12. b3 Bb4+ 13. Nbd2 dxe4 14. a4 Qd3
0-1

[Event "Autumn 2009"]
[Site "SchemingMind.com"]
[Date "2009.11.04"]
[Round "-"]
[White "Brerrabbit"]
[Black "Shanks"]
[Result "1-0"]
[WhiteCountry "SCO"]
[BlackCountry "ENG"]
[WhiteElo "1447"]
[WhiteRD "81"]
[BlackElo "1434"]
[BlackRD "69"]
[GameID "225172"]

1. e4 d6 2. Nf3 g6 3. Nc3 Bg7 4. Bc4 e6 5. e5 dxe5 6. d3 a6 7. Bg5 Ne7 8. Qe2 Nbc6 9. O-O O-O 10. Rad1 Nd4
11. Nxd4 exd4 12. Ne4 b5 13. Bb3 Qe8 14. Nf6+ Bxf6 15. Bxf6 Qd7 16. Qe5 Nc6 17. Qf4 e5 18. Qh6
1-0

[Event "Autumn 2009"]
[Site "SchemingMind.com"]
[Date "2009.11.02"]
[Round "-"]
[White "Brerrabbit"]
[Black "maro"]
[Result "1-0"]
[WhiteCountry "SCO"]
[BlackCountry "MEX"]
[WhiteElo "1376"]
[WhiteRD "79"]
[BlackElo "1327"]
[BlackRD "48"]
[GameID "225173"]

1. e4 Nc6 2. Nf3 e5 3. Nc3 Bc5 4. Bc4 Nh6 5. d3 Nd4 6. Be3 Ng4 7. Nxd4 exd4 8. Qf3 Ne5 9. Qg3 dxe3 10. Qxe5+ Qe7
11. Qxe7+ Bxe7 12. fxe3 Bh4+ 13. g3 Bg5 14. Nd5 O-O 15. h4 c6 16. Nf4 Bf6 17. O-O-O b5 18. Bb3 a5 19. a3 a4 20. g4 g5
21. Nh5 gxh4 22. Nxf6+ Kh8 23. Rxh4 Kg7 24. g5 Kg6 25. Rg1
1-0

[Event "Autumn 2009"]
[Site "SchemingMind.com"]
[Date "2009.11.03"]
[Round "-"]
[White "cnile"]
[Black "Brerrabbit"]
[Result "0-1"]
[WhiteCountry "SCO"]
[BlackCountry "SCO"]
[WhiteElo "1387"]
[WhiteRD "73"]
[BlackElo "1376"]
[BlackRD "79"]
[GameID "225175"]

1. d4 d5 2. c4 dxc4 3. Nc3 a6 4. a4 Bf5 5. e4 Bg6 6. Bxc4 e6 7. Nf3 Nf6 8. Qe2 Bb4 9. O-O Nc6 10. Bg5 Nxd4
11. Nxd4 Qxd4 12. e5 Ne4 13. Nxe4 Bxe4 14. Bf4 Bf5 15. Rac1 Qxf4 16. Bxa6 Rxa6 17. Rxc7 O-O 18. Rxb7 Rxa4
0-1

[Event "Autumn 2009"]
[Site "SchemingMind.com"]
[Date "2009.11.05"]
[Round "-"]
[White "Shanks"]
[Black "Brerrabbit"]
[Result "0-1"]
[WhiteCountry "ENG"]
[BlackCountry "SCO"]
[WhiteElo "1392"]
[WhiteRD "65"]
[BlackElo "1417"]
[BlackRD "79"]
[GameID "225176"]

1. d4 d5 2. Nf3 Nc6 3. e3 Nf6 4. a3 Bg4 5. Be2 e6 6. Nbd2 Bd6 7. O-O Ne4 8. Nxe4 dxe4 9. Ne5 Bxe2 10. Qxe2 Nxe5
11. dxe5 Bxe5 12. c3 Qd6 13. g3 O-O 14. Bd2 Rad8 15. Rad1 c5 16. Bc1 Qe7 17. Rxd8 Rxd8 18. c4 f5 19. b4 g5 20. bxc5 Qxc5
21. Kg2 g4 22. Qc2 h5 23. a4 Kg7 24. Qb3 b6 25. Ba3 Rd3 26. Bxc5 Rxb3 27. Be7 Rc3 28. Rd1 Rxc4 29. Rd7 Rxa4 30. Bg5+ Kg6
31. Bf4 Bxf4 32. gxf4 b5 33. Rd8 b4 34. Rg8+ Kh7 35. Re8 b3 36. Rxe6 Rb4 37. Re7+ Kg6 38. Rxa7 b2 39. Ra6+ Kf7 40. Ra7+ Ke6
41. Ra6+ Kd7 42. Ra7+ Kc6 43. Ra6+= Kb7 44. Ra5 b1=Q 45. Rxf5 Rb2 46. Rxh5 Qc2 47. Rh7+ Kc6 48. Rh6+ Kd5 49. Rh5+ Ke6 50. Re5+ Kf6
51. Kg3 Qxf2+ 52. Kxg4 Qf3+ 53. Kh4 Rxh2#
0-1

[Event "Autumn 2009"]
[Site "SchemingMind.com"]
[Date "2009.11.02"]
[Round "-"]
[White "maro"]
[Black "Brerrabbit"]
[Result "0-1"]
[WhiteCountry "MEX"]
[BlackCountry "SCO"]
[WhiteElo "1327"]
[WhiteRD "48"]
[BlackElo "1376"]
[BlackRD "79"]
[GameID "225177"]

1. c4 c5 2. Nc3 Nf6 3. d3 d6 4. Nf3 b6 5. e4 Nc6 6. Be2 Bb7 7. Nh4 e6 8. O-O d5 9. exd5 exd5 10. Bf4 d4
11. Ne4 Be7 12. Nf5 O-O 13. Nfd6 Bc8 14. Qa4 Nb4 15. Qc6 Nxc6 16. Bf3 Bd7 17. a3 Bg4 18. Bxg4 Nxg4 19. Nb7 Qd7 20. Nbd6 f5
21. Rfe1 fxe4 22. Nxe4 Rae8 23. f3 Rxf4
0-1

[Event "Autumn 2009"]
[Site "SchemingMind.com"]
[Date "2009.11.03"]
[Round "-"]
[White "Quanah4"]
[Black "Brerrabbit"]
[Result "0-1"]
[WhiteCountry "USA"]
[BlackCountry "SCO"]
[WhiteElo "1557"]
[WhiteRD "78"]
[BlackElo "1397"]
[BlackRD "77"]
[GameID "225255"]

1. Nf3 Nf6 2. g3 b6 3. Bg2 Bb7 4. d3 g6 5. e4 Bg7 6. Nbd2 Nc6 7. O-O d5 8. exd5 Nxd5 9. Re1 O-O 10. c4 Ndb4
11. Bf1 Nxd3 12. Bxd3 Qxd3 13. Re3 Qf5 14. Nh4 Qh3 15. Qf1 Bc8 16. b3 Qxf1+ 17. Kxf1 Nd4 18. Rb1 Bg4 19. Rxe7 g5 20. Ng2 Rae8
21. Rxe8 Rxe8 22. Bb2 Bf5 23. Rd1 Bd3+ 24. Kg1 Ne2+ 25. Kh1 Bxb2 26. Nf3 Bc2 27. Rd2 g4 28. Nfh4 Nd4 29. Nf4 Bc3 30. Rxc2 Nxc2
31. Nd5 Re1+ 32. Kg2 Bd4 33. f4 Rg1#
0-1

[Event "Autumn 2009"]
[Site "SchemingMind.com"]
[Date "2009.11.04"]
[Round "-"]
[White "Quanah4"]
[Black "APB"]
[Result "0-1"]
[WhiteCountry "USA"]
[BlackCountry "ENG"]
[WhiteElo "1546"]
[WhiteRD "85"]
[BlackElo "1609"]
[BlackRD "61"]
[GameID "225256"]

1. Nf3 d5 2. g3 Nf6 3. d3 Nc6 4. Bg2 e5 5. Nbd2 Be7 6. O-O O-O 7. Re1 e4 8. dxe4 dxe4 9. Nh4 g5 10. Nxe4 gxh4
11. gxh4 Bf5 12. Nxf6+ Bxf6 13. Bxc6 bxc6 14. e4 Qxd1 15. Rxd1 Bxe4 16. c3 Bxh4 17. Be3 Rab8 18. b4 a6 19. Rd4 Rfe8 20. Rad1 Rbd8
21. Rxd8 Rxd8 22. Rxd8+ Bxd8 23. a3 Bd3 24. Kg2 Bf6 25. Bd2 Be7 26. Bf4 Bf6 27. c4 Bxc4 28. Bxc7 Bb3 29. Bb6 Bb2 30. a4 Bxa4
31. h3 Bb3 32. Kf3 Bd5+ 33. Ke3 Be6 34. f4 Bxh3 35. Ke4 h5 36. f5 Bf6 37. Bc5 h4 38. Bf2 Bg2+ 39. Kf4 h3 40. Bg3 Be7
41. Be1 h2 42. Bg3 h1=Q 43. Bf2 Qf1
0-1

[Event "Autumn 2009"]
[Site "SchemingMind.com"]
[Date "2009.11.03"]
[Round "-"]
[White "Quanah4"]
[Black "cnile"]
[Result "1-0"]
[WhiteCountry "USA"]
[BlackCountry "SCO"]
[WhiteElo "1557"]
[WhiteRD "78"]
[BlackElo "1364"]
[BlackRD "76"]
[GameID "225257"]

1. Nf3 c5 2. e4 Nc6 3. d3 d6 4. Nc3 g6 5. g3 Bg7 6. Bd2 Bg4 7. Bg2 Qd7 8. O-O Nd4 9. Re1 Nf6 10. h3 Bxh3
11. Nxd4 cxd4 12. Ne2 e5 13. f4 exf4 14. Nxf4 Bg4 15. Qc1 O-O 16. c3 dxc3 17. bxc3 Nh5 18. Nxh5 Bxh5 19. Rb1 b6 20. e5 Bxe5
21. Bxa8 Rxa8 22. Bf4 Bxf4 23. gxf4 Qg4+ 24. Kf2 Qf3+ 25. Kg1 Bg4 26. Rb2 Qxd3 27. Rd2 Qg3+ 28. Rg2 Qxf4 29. Qxf4 h5 30. Qxd6
1-0

[Event "Autumn 2009"]
[Site "SchemingMind.com"]
[Date "2009.11.04"]
[Round "-"]
[White "Quanah4"]
[Black "Shanks"]
[Result "1-0"]
[WhiteCountry "USA"]
[BlackCountry "ENG"]
[WhiteElo "1604"]
[WhiteRD "81"]
[BlackElo "1311"]
[BlackRD "71"]
[GameID "225258"]

1. Nf3 d6 2. e4 g6 3. g3 Bg7 4. Bg2 e5 5. d3 Nf6 6. O-O O-O 7. Re1 Bg4 8. Nbd2 Nc6 9. h3 Bc8 10. c3 Nd7
11. Qc2 Ne7 12. b3 c6 13. Bb2 Qc7 14. Rac1 Nc5 15. d4 exd4 16. cxd4 Nd7 17. d5 Ne5 18. Qb1 Nxf3+ 19. Nxf3 Bh6 20. Rc2 Qd7
21. Nd4 c5 22. Nf3 b5 23. a3 a5 24. a4 b4 25. Nd2 Ra7 26. Nc4 Qc7 27. e5 dxe5 28. Nxe5 Bg7 29. Bd4 Bf5 30. Be4 Bxe4
31. Rxe4 Nxd5 32. Rxc5 Qb7 33. Nc6 Bxd4 34. Rxd4 Nc3 35. Qd3 Re8 36. Rd8 Rxd8 37. Qxd8+ Kg7 38. Nxa7 Ne2+ 39. Kf1 Qf3 40. Ke1 Nc3
41. Qd4+ Qf6 42. Qxf6+ Kxf6 43. Nb5 Kg7 44. Nxc3 bxc3 45. Rxc3 h5 46. h4 f6 47. f4 f5 48. Kd2 Kf7 49. Rc5 Kg7 50. Rxa5 Kf7
51. Rc5 Kg7 52. a5 Kf7 53. a6 Ke6 54. a7
1-0

[Event "Autumn 2009"]
[Site "SchemingMind.com"]
[Date "2009.11.03"]
[Round "-"]
[White "Quanah4"]
[Black "maro"]
[Result "1-0"]
[WhiteCountry "USA"]
[BlackCountry "MEX"]
[WhiteElo "1557"]
[WhiteRD "78"]
[BlackElo "1277"]
[BlackRD "51"]
[GameID "225259"]

1. e4 Nc6 2. Nf3 e5 3. g3 d5 4. d3 d4 5. Bg2 h6 6. O-O Be7 7. Nbd2 Nf6 8. h3 g5 9. g4 h5 10. Nc4 hxg4
11. hxg4 Bxg4 12. Qe1 Bxf3 13. Bxf3 g4 14. Bg2 Qd7 15. f4 gxf3 16. Rxf3 O-O-O 17. Bh3 Rxh3 18. Rxh3 Rg8+ 19. Rg3 Rh8 20. Bg5 b6
21. Bxf6 Bxf6 22. Qf1 Bd8 23. Qf3 Ne7 24. Nxe5 Qe6 25. Qg4 Qxg4 26. Rxg4 Rf8 27. Rf1 f6 28. Rgf4 c5 29. Rxf6 Rxf6 30. Rxf6 Kc7
31. b3 Ng8 32. Rf7+ Ne7 33. Ng6
1-0

[Event "Autumn 2009"]
[Site "SchemingMind.com"]
[Date "2009.11.03"]
[Round "-"]
[White "Brerrabbit"]
[Black "Quanah4"]
[Result "0-1"]
[WhiteCountry "SCO"]
[BlackCountry "USA"]
[WhiteElo "1397"]
[WhiteRD "77"]
[BlackElo "1557"]
[BlackRD "78"]
[GameID "225260"]

1. e4 c5 2. d4 cxd4 3. c3 dxc3 4. Nxc3 g6 5. Nf3 Bg7 6. Bc4 e6 7. Bf4 Ne7 8. Nb5 Na6 9. Rc1 O-O 10. Qd2 d5
11. exd5 exd5 12. Bb3 Re8 13. O-O Be6 14. Nd6 Rf8 15. Rfe1 b6 16. Ng5 Nf5 17. Nxf5 Bxf5 18. Be5 Nc7 19. Bxg7 Kxg7 20. Qd4+ f6
21. Qf4 Rc8 22. g4 fxg5 23. Qd4+ Qf6 24. Red1 Qxd4 25. Rxd4 Be6 26. Rc6 Bf7 27. f4 gxf4 28. Rc2 Ne6 29. Rxd5 Rxc2 30. Bxc2 Rd8
31. Rxd8 Nxd8 32. Kf2 g5 33. b4 Bxa2 34. Kf3 Bd5+ 35. Ke2 Ne6 36. Kf2 h6 37. h3 Kf6 38. Bf5 Nd4 39. Bd7 Bc6 40. Bc8= Nc2
0-1

[Event "Autumn 2009"]
[Site "SchemingMind.com"]
[Date "2009.11.05"]
[Round "-"]
[White "APB"]
[Black "Quanah4"]
[Result "0-1"]
[WhiteCountry "ENG"]
[BlackCountry "USA"]
[WhiteElo "1535"]
[WhiteRD "61"]
[BlackElo "1557"]
[BlackRD "78"]
[GameID "225261"]

1. e4 c5 2. Nf3 g6 3. d4 cxd4 4. Qxd4 Nf6 5. e5 Nc6 6. Qa4 Nd5 7. Qe4 e6 8. Bc4 Bg7 9. Bxd5 exd5 10. Qxd5 O-O
11. c3 Re8 12. O-O Nxe5 13. Nbd2 d6 14. Nxe5 Bxe5 15. Nf3 Be6 16. Qxb7 Re7 17. Qe4 Bxa2 18. Rxa2 Bxh2+ 19. Nxh2 Rxe4 20. g3 Qb6
21. Bd2 Rae8 22. b4 Re2 23. Be3 Qxe3 24. Rxe2 Qxe2 25. Ng4 Qxg4
0-1

[Event "Autumn 2009"]
[Site "SchemingMind.com"]
[Date "2009.11.04"]
[Round "-"]
[White "cnile"]
[Black "Quanah4"]
[Result "1-0"]
[WhiteCountry "SCO"]
[BlackCountry "USA"]
[WhiteElo "1499"]
[WhiteRD "76"]
[BlackElo "1522"]
[BlackRD "82"]
[GameID "225262"]

1. d4 d5 2. c4 Nf6 3. Nc3 e6 4. Bg5 dxc4 5. e4 Nbd7 6. e5 Be7 7. exf6 Nxf6 8. Bxc4 O-O 9. Nf3 c6 10. O-O b5
11. Bb3 Bb7 12. Re1 Qc7 13. a3 h6 14. Bh4 Rad8 15. Bg3 Bd6 16. Bxd6 Qxd6 17. Ne2 Qe7 18. Ng3 c5 19. d5 Nxd5 20. Ne5 c4
21. Bc2 f6 22. Ng6 Qf7 23. Qg4 Rfe8 24. Nh5 f5 25. Qg3 Nf6 26. Ne5 Qxh5 27. f4 Ng4 28. Nxg4 Qxg4 29. Qf2 Rd4 30. Re5 Qxf4
31. Qxf4 Rxf4 32. Rxb5 Bd5 33. Re1 Rg4 34. Rxd5 Rb8 35. Rxe6 Rxb2 36. Bxf5 Rgxg2+ 37. Kf1 Rgf2+ 38. Ke1 Rxf5 39. Rxf5 Rxh2 40. Rc6 Rh1+
41. Kf2 Rh2+ 42. Kg3 Ra2 43. Ra5 Rc2 44. Rxa7 Rc3+ 45. Kg4 Rd3 46. Rg6 Rd4+ 47. Kf3 Rd3+ 48. Ke2 Rd8 49. Rgxg7+ Kf8 50. Rh7 Re8+
51. Kd2 Rd8+ 52. Kc3 Kg8 53. Rxh6 Rf8 54. Rhh7 Rf3+ 55. Kxc4 Rf4+ 56. Kd5 Rf5+ 57. Ke4 Rf8 58. Rag7#
1-0

[Event "Autumn 2009"]
[Site "SchemingMind.com"]
[Date "2009.11.05"]
[Round "-"]
[White "Shanks"]
[Black "Quanah4"]
[Result "0-1"]
[WhiteCountry "ENG"]
[BlackCountry "USA"]
[WhiteElo "1311"]
[WhiteRD "71"]
[BlackElo "1604"]
[BlackRD "81"]
[GameID "225263"]

1. d4 d5 2. Nf3 g6 3. c3 Bg7 4. Nbd2 e6 5. g3 Ne7 6. Bg2 O-O 7. O-O b6 8. c4 c5 9. cxd5 exd5 10. e3 cxd4
11. exd4 Nbc6 12. Nb3 Be6 13. Be3 Rc8 14. Qd2 Re8 15. Rac1 Qc7 16. Bf4 Qb7 17. Ng5 h6 18. Nxe6 fxe6 19. Bxh6 Nf5 20. Bxg7 Kxg7
21. a3 a5 22. Na1 Nfxd4 23. Qe3 Nf5 24. Qc3+ Ncd4 25. Qd2 Qf7 26. Rxc8 Rxc8 27. b3 Nc6 28. a4 Nb4 29. Qb2+ Kf8 30. g4 Ng7
31. h3 Ke7 32. Qd4 Rc6 33. Qd2 Ne8 34. Qg5+ Nf6 35. h4 Kd6 36. Qf4+ e5 37. Qg3 Qd7 38. g5 Nh5 39. Qh2 Qc7 40. Bf3 Rc1
41. Rxc1 Qxc1+ 42. Kg2 Nf4+ 43. Qxf4 exf4 44. h5 gxh5 45. g6 Qxa1 46. Bxh5 Qg7 47. f3 Qh6 48. Bg4 Qxg6 49. Kf2 Nc2
0-1

[Event "Autumn 2009"]
[Site "SchemingMind.com"]
[Date "2009.11.04"]
[Round "-"]
[White "maro"]
[Black "Quanah4"]
[Result "1-0"]
[WhiteCountry "MEX"]
[BlackCountry "USA"]
[WhiteElo "1277"]
[WhiteRD "51"]
[BlackElo "1557"]
[BlackRD "78"]
[GameID "225264"]

1. c4 c5 2. Nc3 g6 3. d4 cxd4 4. Qxd4 Nf6 5. Bf4 Nc6 6. Qd2 Bg7 7. Nf3 e6 8. Ne5 O-O 9. Bg5 a6 10. g3 Qc7
11. Bf4 d6 12. Nxc6 bxc6 13. Bxd6 Qd7 14. c5 Rd8 15. Na4 Rb8 16. Nb6 Rxb6 17. cxb6 Qb7 18. Qb4 Nd7 19. Rd1 Nxb6 20. Bg2 Bf8
21. O-O Nd5 22. Qxb7 Bxb7 23. Bxf8 Kxf8 24. e4 Nf6 25. Rxd8+ Kg7 26. e5 Nd5 27. a3 h5 28. h4 Nb6 29. f4 Nc4 30. Rc1 Nxb2
31. Bxc6 Bxc6 32. Rxc6 Na4 33. Rxa6 Nc5 34. Rc6 Nb7 35. Rb8 Na5 36. Rc5 Nb3 37. Rxb3
1-0

[Event "Autumn 2009"]
[Site "SchemingMind.com"]
[Date "2009.11.04"]
[Round "-"]
[White "Time Sprout"]
[Black "Brerrabbit"]
[Result "0-1"]
[WhiteCountry "GBR"]
[BlackCountry "SCO"]
[WhiteElo "1437"]
[WhiteRD "77"]
[BlackElo "1397"]
[BlackRD "77"]
[GameID "225387"]

1. d4 d5 2. g3 Nc6 3. Nc3 e5 4. e3 Nf6 5. Nf3 e4 6. Ne5 Be6 7. Bg2 Bd6 8. f4 Bb4 9. O-O Bd6 10. b3 Qc8
11. a4 Ng4 12. Ba3 Nxe3 13. Qe2 Nxf1 14. Bxf1 Bh3 15. Nxd5 Nxd4 16. Qd2 Bxe5 17. Re1 Nf3+
0-1